Tvorba mobilnej aplikácie na porovnanie cien pohonných hmôt

Salvato in:
Dettagli Bibliografici
Autore principale: Barniak, Adam (Autore)
Altri autori: Rábek, Matej (Relatore della tesi)
Natura: Manoscritto Libro
Lingua:slovacco
Pubblicazione: 2019
Soggetti:
Accesso online:http://is.stuba.sk/zp/portal_zp.pl?podrobnosti=125590
Tags: Aggiungi Tag
Nessun Tag, puoi essere il primo ad aggiungerne!!

MARC

LEADER 00000ntm a22000003a 4500
001 stuzp57298
003 SK-STU
005 20190903133525.4
007 ta
008 150427s2015----xo-----f-mn---000-0-slo-d
040 |a STU  |b slo 
041 0 |a slo 
044 |a xo 
100 1 |a Barniak, Adam  |u 035000  |4 aut  |U FEI Fakulta elektrotechniky a informatiky  |T FEI Ústav informatiky a matematiky  |X 48077  |U E050  |Y 816  |7 48077 
242 0 1 |a Mobile application for gas prices comparison  |y eng 
245 1 0 |a Tvorba mobilnej aplikácie na porovnanie cien pohonných hmôt 
260 |c 2019 
300 |a 43 s.,  |b DVD 
650 4 |a mobilná aplikácia  |2 slo 
650 4 |a pohonné hmoty  |2 slo 
650 4 |a Android  |2 slo 
650 4 |a Android  |2 eng 
650 4 |a mobile application  |2 eng 
650 4 |a fuel  |2 eng 
700 1 |a Rábek, Matej  |u 030400  |k Z3  |4 ths  |U FEI Fakulta elektrotechniky a informatiky  |T FEI Ústav automobilovej mechatroniky  |X 8855  |U E400  |Y 642  |7 A000008855 
856 4 |u http://is.stuba.sk/zp/portal_zp.pl?podrobnosti=125590 
996 |b 284ER03035  |c E*Bc- 3035  |l EE35  |s P  |a 0  |w stuzp57298_0001